| Tag |
First Indicator |
Second Indicator |
Subfields |
| LEADER |
00000cem a2200000Ia 4500 |
| 001 |
in00002419081 |
| 005 |
20151111040932.0 |
| 007 |
aj canzn |
| 008 |
800618s1968 dcu a f 0 eng d |
| 034 |
1 |
|
|a a
|b 48000
|d W0845230
|e W0843000
|f N0340000
|g N0333000
|
| 035 |
|
|
|a (OCoLC)ocm06433801
|
| 035 |
|
|
|a (OCoLC)6433801
|
| 040 |
|
|
|a GAT
|c GAT
|d OCL
|d NMT
|d OCL
|d UPM
|d TXA
|d UtOrBLW
|
| 043 |
|
|
|a n-us-ga
|
| 049 |
|
|
|a TXAM
|
| 050 |
1 |
4 |
|a G3701.C5 svar
|b .U52 I-511
|
| 052 |
|
|
|a 3924
|b A8
|
| 074 |
|
|
|a 0619-G-08
|
| 086 |
0 |
|
|a I 19.91:I-511
|
| 100 |
1 |
|
|a Higgins, Michael W.
|
| 245 |
1 |
0 |
|a Geologic map of the Brevard fault zone near Atlanta, Georgia /
|c by Michael W. Higgins.
|
| 246 |
3 |
0 |
|a Brevard fault zone near Atlanta, Georgia
|
| 255 |
|
|
|a Scale 1:48,000
|c (W 84⁰52ʹ30ʺ--W 84⁰30ʹ00ʺ/N 34⁰00ʹ00ʺ--N 33⁰30ʹ00ʺ)
|
| 264 |
|
1 |
|a Washington, D.C. :
|b U.S. Geological Survey,
|c 1968.
|
| 300 |
|
|
|a 1 map :
|b color ;
|c on sheet 126 x 104 cm., folded in envelope 30 x 24 cm.
|
| 336 |
|
|
|a cartographic image
|b cri
|2 rdacontent
|
| 337 |
|
|
|a unmediated
|b n
|2 rdamedia
|
| 338 |
|
|
|a sheet
|b nb
|2 rdacarrier
|
| 490 |
1 |
|
|a Miscellaneous geologic investigations ;
|v map I-511
|
| 500 |
|
|
|a "Base from U.S. Geological Survey 1:24,000 and 1:62,500, 1954-56."
|
| 500 |
|
|
|a "Geology mapped in 1964-65."
|
| 500 |
|
|
|a Includes index map, explanation, 2 cross-sections, map showing metamorphic zones, and stratigraphic diagram.
|
| 500 |
|
|
|a Cartographic material.
|
| 650 |
|
0 |
|a Geology
|z Georgia
|z Atlanta Region
|v Maps.
|
| 650 |
|
0 |
|a Faults (Geology)
|z Georgia
|z Atlanta Region
|v Maps.
|
| 710 |
2 |
|
|a Geological Survey (U.S.)
|
| 830 |
|
0 |
|a Miscellaneous geologic investigations ;
|v map I-511.
|
| 994 |
|
|
|a C0
|b TXA
|
| 948 |
|
|
|a cataloged
|b h
|c 2009/06/23
|e mansari
|f 02:16:47 pm
|
| 999 |
|
|
|a MARS
|
| 999 |
f |
f |
|s 162a8dfd-bae8-3e69-aa8a-b3225e3c6458
|i be380731-8448-3f47-9e9f-9c30c754e3a8
|t 0
|
| 952 |
f |
f |
|p normal
|a Texas A&M University
|b College Station
|c Sterling C. Evans Library
|d Evans: Maps File (2nd floor)
|t 0
|e I 19.91:I-511
|h Superintendent of Documents classification
|i unmediated -- sheet
|m A14816690153
|
| 998 |
f |
f |
|a I 19.91:I-511
|t 0
|l Evans: Maps File (2nd floor)
|